| 000 | 01879ncm0a2200337 4500 | ||
|---|---|---|---|
| 001 | RU\NLR\ONIZ\292965 | ||
| 005 | 20250624231039.0 | ||
| 035 | _a(NLR Aleph) 012929025 | ||
| 090 |
_a12668384 _c12668384 |
||
| 100 | _a20161123d1999 |||y0rusy50 ca | ||
| 101 | 0 | _arus | |
| 102 | _aRU | ||
| 125 | _azx | ||
| 145 | 0 | _ac | |
| 200 | 1 |
_aВ мире звуков, слов и красок _bНоты _eрабочая тетрадь по музыке _eдля 5 класса _fЛ. Назарова |
|
| 203 |
_aМузыка _bзнаковая _bвизуальная _cнепосредственная |
||
| 210 |
_aСаратов _cДобродея _dcop. 1999 |
||
| 215 |
_a80 с. _cил. _d29 см |
||
| 313 | _aСистематизация документа проведена по изданию - Методика классифицирования музыкальных произведений (нотных изданий) по таблицам Библиотечно-библиографических классификаций : метод. рекомендации / Гос. б-ка СССР им. В.И. Ленина.- М., 1977. Индексу ББК методических рекомендаций присваивается код ББК для научных библиотек - LBC/SL | ||
| 606 | 1 |
_aУчебные пособия для уроков музыки в школе _yРоссия _z20-21 вв. _jРабочие тетради _jНоты _2nlr_sh |
|
| 686 | 0 | _aЩ98я72 | |
| 700 | 1 |
_9z01790 _aНазарова _bЛ. В. _gЛюдмила Валентиновна _4070 |
|
| 790 | 1 |
_9z01700 _aNazarova _bL. V. _gLyudmila Valentinovna _4070 |
|
| 801 | 0 |
_aRU _bNLR _c20161123 _gPSBO |
|
| 801 | 1 |
_aRU _bNLR _c20161123 _2rusmarc |
|
| 801 | 2 |
_aRU _bNLR _c20221022 |
|
| 852 |
_aNLR _bМ _jК-3/31450 _p273050 _t1 |
||
| 942 | _cSCORE | ||
| 980 | _aNB | ||
| 980 | _aONIZ | ||